[Event "Tan Chin Nam Cup 2nd"]
[Site "Beijing"]
[Date "1996.??.??"]
[Round "7"]
[White "Atalik, Suat"]
[Black "Xu, Jun"]
[Result "1/2-1/2"]
[WhiteElo "2525"]
[BlackElo "2505"]
[Annotator "Atalik,S"]
[PlyCount "111"]
[EventDate "1996.08.??"]
[EventType "tourn"]
[EventRounds "9"]
[EventCountry "CHN"]
[EventCategory "10"]
[SourceTitle "CBM 055"]
[Source "ChessBase"]
[SourceDate "1996.12.01"]
[SourceVersion "1"]
[SourceVersionDate "1996.12.01"]
[SourceQuality "1"]

1. d4 Nf6 2. c4 e6 3. g3 Bb4+ 4. Bd2 c5 5. Bxb4 cxb4 6. Bg2 d5 $6 7. Nd2 Nc6 8.
Ngf3 Ne4 $6 (8... O-O 9. O-O a5) 9. Nxe4 dxe4 10. Ne5 Qxd4 (10... Nxd4 11. Qa4+
Bd7 12. Nxd7 Qxd7 13. Qxd7+ Kxd7 14. O-O-O $18) (10... Nxe5 11. dxe5 Qa5 12.
Qd6 b3+ 13. Kf1 $18) 11. Qxd4 (11. Nxc6 $6 Qxd1+ 12. Rxd1 bxc6 13. Bxe4 Bb7 $1
$10) 11... Nxd4 12. Bxe4 (12. O-O-O $6 Nxe2+ 13. Kc2 f6 14. Rhe1 (14. Rd2 Nxg3
15. hxg3 fxe5 16. Bxe4 h6 17. Rh5 g5) 14... Nxg3 15. hxg3 fxe5 16. Rxe4 Rf8
$132) 12... f6 (12... Ke7 13. e3 Nf5 14. c5 $16) 13. e3 fxe5 $2 (13... Nf5 $8
14. Bxf5 exf5 15. Nd3 a5 16. Nf4 $16) 14. exd4 exd4 15. O-O-O $18 a5 (15... e5
16. Rhe1 $18) 16. Rxd4 a4 17. Rhd1 Ke7 18. Bxb7 Ra7 19. Bc6 Rf8 20. f4 g6 21.
Bb5 a3 22. b3 $2 {xKc1,a2} (22. R1d3 $1 $18) 22... Rc7 23. Ba4 $5 h6 24. h4 Rc5
25. Bd7 $1 Bb7 26. Re1 Rf6 27. g4 e5 $8 (27... g5 28. hxg5 hxg5 29. f5 e5 30.
Rd3 Rd6 (30... e4 31. Bb5 Rc7 32. Rh3 Kd6 33. Rh5 Rg7 34. Kd2 Ke5 35. Ke3 Rd6
36. c5 Rd5 37. Rh6 Re7 38. Rc1) 31. Rxd6 Kxd6 32. Rd1+ Ke7 33. Be6 Bc6 (33...
Rc7 34. Bd5 $1) 34. Rd3 e4 35. Rh3 Kf6 36. Kd2 Ke5 37. Ke3) 28. fxe5 Rf2 $132
29. Kb1 Rb2+ 30. Ka1 Rf2 31. h5 $1 $18 gxh5 32. gxh5 Bc8 33. Bg4 $3 Bf5 34.
Bxf5 Rxf5 35. Rd5 $18 Rxd5 36. cxd5 Rf2 (36... Rxh5 37. Kb1 Rh2 38. d6+ Ke8 39.
e6 Rd2 40. d7+ Ke7 41. Kc1 Rxa2 42. Re5 $18) 37. d6+ Ke8 38. e6 Rd2 39. d7+ Ke7
40. Kb1 Rb2+ 41. Kc1 Rxa2 42. Re4 $2 (42. Re5 $1 $18 Rg2 43. Ra5 (43. Rc5 $2
Rg1+ 44. Kd2 a2) 43... Rg1+ 44. Kd2 Rg8 45. Ra6 a2 46. Kd3 a1=Q 47. Rxa1 Kxe6
48. Ra7 Rd8 49. Kc4 $18) 42... Rg2 43. Rd4 (43. Rxb4 $6 Rg1+ 44. Kc2 a2 45. Rb8
Rc1+ 46. Kd2 Rd1+) 43... Rg1+ 44. Kc2 Rg2+ 45. Kd3 Rg8 46. Kc4 a2 47. Rd1 Kxe6
48. Kxb4 Ra8 49. Kc3 Ke7 50. Kb2 Kd8 51. b4 Ra4 $10 52. b5 Rb4+ 53. Kxa2 Rxb5
54. Ka3 Rxh5 55. Kb4 Rg5 56. Kc4 1/2-1/2

[Event "Portoroz op"]
[Site "Portoroz"]
[Date "1996.??.??"]
[Round "?"]
[White "Beliavsky, Alexander G"]
[Black "Grosar, Aljosa"]
[Result "1-0"]
[WhiteElo "2615"]
[BlackElo "2470"]
[Annotator "Beliavsky,A"]
[PlyCount "43"]
[EventDate "1996.03.??"]
[EventType "swiss"]
[EventRounds "9"]
[EventCountry "SLO"]
[SourceTitle "CBM 051 Extra"]
[Source "ChessBase"]
[SourceDate "1996.05.01"]
[SourceVersion "1"]
[SourceVersionDate "1996.05.01"]
[SourceQuality "1"]

1. d4 Nf6 2. c4 e6 3. g3 Bb4+ 4. Bd2 c5 5. Bxb4 cxb4 6. Bg2 O-O 7. e4 $1 {N!}
d6 (7... d5 8. cxd5 exd5 9. e5 Ne8 10. Ne2 Nc6 11. O-O Nc7 12. a3 Bf5 13. axb4
Nxb4 14. Nbc3 a5 15. Nf4 Qd7 16. h3 Rfd8 17. g4 Bc2 18. Qd2 Bb3 19. Nh5 $36) 8.
Ne2 e5 9. O-O Nc6 10. a3 bxa3 11. Nxa3 a5 (11... Qb6 12. Qd2 exd4 13. Nb5 $16)
12. Qd2 b6 13. Rfd1 Ba6 14. b3 Re8 15. Nc2 Qc7 $6 (15... Qe7 $32) 16. Ne3 g6
17. Nf5 $16 Bc8 18. Qg5 (18. dxe5 dxe5 19. Qd6 Qxd6 20. Rxd6 gxf5 21. Rxf6 $16)
18... Bxf5 19. exf5 Kg7 20. fxg6 hxg6 21. Nc3 Nxd4 $2 (21... Nh7 22. Nb5 Qd7
23. Qh4 $16) 22. Qxf6+ 1-0

[Event "Nanjing Pearl Spring 3rd"]
[Site "Nanjing"]
[Date "2010.10.28"]
[Round "8"]
[White "Wang, Yue"]
[Black "Carlsen, Magnus"]
[Result "1/2-1/2"]
[WhiteElo "2732"]
[BlackElo "2826"]
[Annotator "Edouard,R"]
[PlyCount "56"]
[EventDate "2010.10.20"]
[EventType "tourn"]
[EventRounds "10"]
[EventCountry "CHN"]
[EventCategory "21"]
[SourceTitle "CBM 139"]
[Source "ChessBase"]
[SourceDate "2010.11.18"]
[SourceVersion "1"]
[SourceVersionDate "2010.11.18"]
[SourceQuality "1"]
[TimeControl "40/7200:20/3600:900+30"]

1. d4 Nf6 2. c4 e6 3. g3 Bb4+ 4. Bd2 Bxd2+ 5. Qxd2 d5 {This line is secondary
but known as very solid for Black.} 6. Bg2 c6 7. Nf3 Nbd7 8. O-O b6 9. Rc1 O-O
10. cxd5 cxd5 11. Nc3 Ba6 12. a4 Rc8 (12... Bc4 13. Nb5 Qe7 14. Na3 Ne4 15. Qd1
Ba6 16. Nb5 Bxb5 17. axb5 Qb4 18. Qa4 Qxa4 19. Rxa4 Nd6 20. Rc7 Rfd8 21. Raxa7
Rxa7 22. Rxa7 Nxb5 23. Ra1 Kf8 24. e3 Rc8 25. Bf1 Nd6 26. Bd3 {1/2-1/2
Portisch,L (2635)-Spassky,B (2560)/Reykjavik 1988}) 13. Nb5 Ne4 14. Qf4 Qe7 15.
Rc7 Bxb5 16. axb5 Nd6 17. Qc1 Rxc7 18. Qxc7 Rc8 19. Qxa7 Qd8 20. Qa4 h6 21. Qb4
Qf8 {White is up a pawn but it is very hard to improve something. Still, the
next moves seems not to be accurate, giving Black a chance to draw at once.}
22. b3 $6 ({Something like} 22. e3 $5 {followed by Qb3 should be normal,
though we trust Magnus should draw this! Probably Wang Yue was also not
eagering to go desperately for a win, as he suffered a little bit in his last
games.}) 22... Ne4 23. Qxf8+ Kxf8 24. Ne5 Nxe5 25. Bxe4 dxe4 26. dxe5 Rc5 27.
Ra8+ Ke7 28. Ra7+ Kf8 1/2-1/2

[Event "Graz zt"]
[Site "Graz"]
[Date "1993.??.??"]
[Round "1"]
[White "Boensch, Uwe"]
[Black "Lutz, Christopher"]
[Result "0-1"]
[WhiteElo "2490"]
[BlackElo "2550"]
[Annotator "Ftacnik,L"]
[PlyCount "74"]
[EventDate "1993.03.??"]
[EventType "tourn"]
[EventRounds "13"]
[EventCountry "AUT"]
[EventCategory "8"]
[SourceTitle "CBM 035"]
[Source "ChessBase"]
[SourceDate "1993.08.01"]
[SourceVersion "1"]
[SourceVersionDate "1993.08.01"]
[SourceQuality "1"]

1. d4 Nf6 2. c4 e6 3. g3 Bb4+ 4. Bd2 c5 $6 5. Bxb4 $6 (5. Bg2 Qb6 6. d5 exd5 7.
cxd5 d6 8. Nc3 O-O 9. Nf3 Bg4 10. O-O Re8 11. h3 Bxf3 12. Bxf3 Nbd7 $14) 5...
cxb4 6. Bg2 O-O 7. e4 d6 8. Ne2 e5 9. O-O Nc6 10. d5 (10. Nd2 exd4 11. Nb3 Bg4
12. f3 Be6 13. Rc1 d3 14. Ned4 (14. Qxd3 $2 Qb6+ 15. Kh1 Ne5) 14... Qb6 15.
Qxd3 Ne5 16. Qe2 Rac8 $17) 10... Nb8 11. a3 (11. h3 Na6 12. f4 Re8 13. Nd2 Nc5
14. Qc2 Bd7 $132) 11... Na6 12. axb4 Nxb4 13. Nbc3 $6 (13. Qd2 Qb6 14. Na3 Bd7
15. Nb5 a5 16. Nec3 $14) 13... Bd7 14. Qd2 a5 15. Ra3 $6 (15. Rfc1 Qc7 16. Nb1
$14) 15... Qc7 16. Rfa1 (16. b3 Qc5 17. Raa1 b5 18. cxb5 Bxb5 {xb3}) 16... Qxc4
17. Rxa5 Rxa5 18. Rxa5 Nd3 19. Nc1 (19. Bf1 Nxe4 20. Nxe4 Qxe4 21. Nc3 Qb4) (
19. Ra1 Nc5 20. Qc2 b5 $13) 19... Nxc1 20. Qxc1 b5 21. Qe1 $2 (21. Ra1 Rc8 22.
Qe1 b4 23. Nd1 h6 24. Ne3 Qd4 25. Qe2 {/\ Rd1}) 21... b4 22. Na2 Rb8 23. Qe3 (
23. h3 Qd4 24. Qe2 b3 25. Nc1 (25. Nc3 $2 Qxc3 26. bxc3 b2) 25... Qb4 26. Ra1 (
26. Ra3 Qxa3 $1) 26... Rc8 $17) 23... h6 $2 (23... Qc2 $1 24. Qc1 Qd3 25. Qc7 (
25. h3 h6 26. Qc7 Rc8 27. Qxd6 b3 28. Nc3 Qc2 29. Rc5 Rxc5 30. Qxc5 Qxb2 $17)
25... Rc8 26. Qxd6 b3 27. Nc3 Qc2) 24. b3 Qc2 25. h3 Qd1+ 26. Kh2 Rc8 27. Nxb4
Bxh3 $1 (27... Rc1 28. f3 Rb1 29. Ra2 Rxb3 30. Ra1 $10) 28. Qf3 $8 (28. Kxh3 $2
Qh5#) (28. Bxh3 Rc1 29. Qxc1 Qxc1 30. Ra2 Qe1 31. Nc6 Nxe4 $19) 28... Qxf3 (
28... Qe1 $2 29. Bxh3 Rc1 30. Ra8+ Kh7 31. Bg2 $18) 29. Bxf3 Rc3 30. Kxh3 $2 (
30. Bh1 Rxb3 (30... Bf1 31. Ra1 Rxb3 32. Nc6 Bd3 33. Ne7+ Kh7 34. f3 {xd6}) 31.
Kxh3 Rxb4 32. Ra8+ Kh7 33. Ra6 Nxe4 34. Bxe4+ Rxe4 35. Rxd6) 30... Rxf3 31. Nc6
Rxf2 32. Ne7+ Kh7 33. Ra4 Re2 34. b4 h5 35. b5 Ng4 36. Kh4 Rh2+ 37. Kg5 Nh6 0-1

[Event "OHRA-A"]
[Site "Amsterdam"]
[Date "1990.??.??"]
[Round "2"]
[White "Beliavsky, Alexander G"]
[Black "Azmaiparashvili, Zurab"]
[Result "1/2-1/2"]
[WhiteElo "2605"]
[BlackElo "2575"]
[Annotator "Ftacnik,L"]
[PlyCount "87"]
[EventDate "1990.07.??"]
[EventType "tourn"]
[EventRounds "10"]
[EventCountry "NED"]
[EventCategory "14"]
[SourceTitle "CBM 020"]
[Source "ChessBase"]
[SourceDate "1991.02.01"]
[SourceVersion "1"]
[SourceVersionDate "1991.02.01"]
[SourceQuality "1"]

1. d4 Nf6 2. c4 e6 3. g3 d5 4. Bg2 Bb4+ 5. Bd2 Be7 6. Bc3 $5 b6 7. Nh3 {N} (7.
Nf3) 7... Bb7 8. O-O Qc8 (8... O-O 9. Nf4 Nbd7 10. Nd2 $14) 9. cxd5 (9. Nd2
dxc4 10. Nxc4 Bxg2 11. Kxg2 Qb7+ 12. Kg1 O-O) 9... Bxd5 (9... exd5 10. Nf4 O-O
11. b4 $14) 10. Nf4 Bxg2 11. Kxg2 O-O 12. Nd2 Qb7+ 13. f3 $5 (13. Kg1 Nbd7 14.
f3 c5 $10) 13... Ng4 14. Nc4 Qc6 15. h3 $8 (15. b3 $2 b5) 15... Qxc4 16. hxg4
Nd7 17. Rh1 Rfd8 18. d5 (18. Qb1 Nf8) 18... e5 $1 (18... Nf8 19. Rc1 Qxa2 20.
Bxg7 $1 Kxg7 21. Qd4+ Kg8 22. Nh5 f6 23. Rxc7 $40) 19. Qd3 Qxd3 20. Nxd3 Rac8
21. Rac1 (21. e4 c6 $1 22. dxc6 Rxc6 23. Bxe5 Rc2+ 24. Kh3 Nxe5 25. Nxe5 Rdd2)
21... c6 22. Bxe5 (22. dxc6 Rxc6 23. Bxe5 Nxe5 24. Nxe5 Re6 25. Nc6 Rxe2+ 26.
Kf1 Rdd2 27. Nxe7+ Kf8 $1 $10) 22... cxd5 23. Bd4 Nc5 24. Nf4 Ne6 $1 25. Rxc8 (
25. Nxd5 Rxc1 26. Nxe7+ Kf8 27. Rxc1 Nxd4 28. Rc7 Re8 $10) 25... Nxf4+ 26. gxf4
Rxc8 27. Rh5 Rd8 28. Kf2 Bc5 $1 29. Bxc5 (29. e3 Bxd4 30. exd4 f6 $10) 29...
bxc5 30. Ke3 h6 31. Rh1 Kf8 32. Rc1 Re8+ 33. Kd2 Rb8 34. b3 Rb5 35. e4 Ke7 $1
36. exd5 Kd6 37. Ke3 Rb4 (37... Kxd5 38. Rd1+ Ke6 39. f5+ Ke7 40. Rd5 $16) 38.
Rd1 (38. Rc4 Kxd5 39. Rxb4 cxb4 40. Kd3 g5 $10) 38... a5 39. Rd3 a4 40. f5 axb3
41. axb3 g6 42. fxg6 fxg6 43. Kf2 h5 44. gxh5 {Ftacnik,L} (44. gxh5 gxh5 45.
Kg3 h4+ 46. Kh3 Rf4 $10) 1/2-1/2

[Event "USA-ch"]
[Site "USA"]
[Date "1989.??.??"]
[Round "6"]
[White "Seirawan, Yasser"]
[Black "Browne, Walter Shawn"]
[Result "1-0"]
[WhiteElo "2585"]
[BlackElo "2555"]
[Annotator "Ftacnik,L"]
[PlyCount "68"]
[EventDate "1989.11.??"]
[EventType "tourn"]
[EventRounds "15"]
[EventCountry "USA"]
[EventCategory "12"]
[SourceTitle "CBM 019"]
[Source "ChessBase"]
[SourceDate "1990.12.01"]
[SourceVersion "1"]
[SourceVersionDate "1990.12.01"]
[SourceQuality "1"]

1. d4 Nf6 2. c4 e6 3. g3 Bb4+ 4. Bd2 Be7 5. Bg2 d5 6. Bc3 O-O 7. Nd2 c5 $1 8.
Ngf3 cxd4 9. Bxd4 (9. Nxd4 $6 e5 10. N4b3 d4 11. Ba5 Qe8) 9... Nc6 10. cxd5
Nxd5 11. O-O Nxd4 $6 (11... b6 $5 12. Rc1 Bb7) 12. Nxd4 Nf4 13. gxf4 Qxd4 14.
e3 Qxb2 15. Nc4 Qb4 (15... Qc3 16. Rc1 Qb4 17. Qc2) 16. Qc2 Bd7 (16... Rb8 $5
17. Ne5 $36) 17. Rfb1 Qc5 18. Rxb7 Rad8 (18... Bb5 $14) 19. Rc1 $16 Bc8 20.
Rbb1 f6 $2 {x e6} 21. Qe4 Qh5 22. Qf3 Qxf3 23. Bxf3 Ba6 24. Na5 Rd2 25. a4 Ra2
26. Nc6 Bd6 27. Nd4 Rxa4 (27... Bc8 28. Rc6) 28. Nxe6 Rc8 29. Rd1 Bf8 30. Rd7
Bc4 31. Bd5 Bxd5 32. Rxd5 Rac4 (32... Re8 $5) 33. Rb7 Rc1+ 34. Kg2 Re8 $138 {
Ftacnik,L} 1-0

[Event "USA-ch"]
[Site "Long Beach"]
[Date "1993.??.??"]
[Round "10"]
[White "Gurevich, Dmitry"]
[Black "Christiansen, Larry Mark"]
[Result "1-0"]
[WhiteElo "2575"]
[BlackElo "2555"]
[Annotator "Ftacnik,L"]
[PlyCount "55"]
[EventDate "1993.12.??"]
[EventType "tourn"]
[EventRounds "11"]
[EventCountry "USA"]
[EventCategory "14"]
[SourceTitle "CBM 039"]
[Source "ChessBase"]
[SourceDate "1994.04.01"]
[SourceVersion "1"]
[SourceVersionDate "1994.04.01"]
[SourceQuality "1"]

1. d4 Nf6 2. c4 e6 3. g3 Bb4+ 4. Nd2 c5 5. a3 Bxd2+ 6. Qxd2 cxd4 7. Nf3 Nc6 8.
Nxd4 Qb6 9. Nb5 O-O 10. Qe3 d5 11. Qxb6 axb6 12. cxd5 Nb4 $1 (12... exd5 13.
Be3 Nb4 14. O-O-O $16) 13. Rb1 Nc2+ 14. Kd1 exd5 15. Bg5 (15. Kxc2 $2 Bf5+) (
15. Nd6 Nd4 16. Be3 Nf5 17. Nxf5 Bxf5 18. Rc1 b5 $13) 15... Ng4 16. f3 Nge3+ (
16... Nxa3 17. bxa3 Nf2+ 18. Ke1 Nxh1 19. Be7 Re8 20. Nc7 Rxe7 21. Nxa8 $18)
17. Kd2 Bf5 18. Nd6 Bg6 19. Bxe3 Nxe3 20. Rc1 d4 21. Bh3 Rad8 22. Nxb7 Rd5 23.
Rc7 h6 24. Bc8 Re8 25. Re1 d3 26. exd3 Rxd3+ $6 (26... Nc4+ 27. Rxc4 (27. Kd1
Nxb2+ 28. Kc2 Rxe1 29. Kxb2 Rxd3 $19) (27. Kc3 Rxd3+ 28. Kxc4 Rxe1 $19) 27...
Rxd3+ 28. Kc2 Rxe1 $19) 27. Kc1 Red8 $4 28. Nxd8 1-0

[Event "RUS-ch"]
[Site "Elista"]
[Date "1996.??.??"]
[Round "2"]
[White "Sorokin, Maxim"]
[Black "Yemelin, Vasily"]
[Result "1-0"]
[WhiteElo "2550"]
[BlackElo "2460"]
[Annotator "Ftacnik,L"]
[PlyCount "47"]
[EventDate "1996.10.15"]
[EventType "swiss"]
[EventRounds "11"]
[EventCountry "RUS"]
[SourceTitle "CBM 056"]
[Source "ChessBase"]
[SourceDate "1997.02.01"]
[SourceVersion "1"]
[SourceVersionDate "1997.02.01"]
[SourceQuality "1"]

1. d4 {Belov} Nf6 2. c4 e6 3. g3 Bb4+ 4. Bd2 c5 5. Bg2 (5. Bxb4 {Belov} cxb4 6.
Bg2 a5 (6... O-O 7. e4 $1 (7. Nf3 d6 8. O-O Re8 9. Qb3 Qb6 10. Nbd2 Nc6 11.
Rfd1 Bd7 12. Rac1 Na5 13. Qd3 Rac8 14. b3 $10 {Razuvaev,Y-Epishin,V/Reggio
Emilia/1996/1:0/67/}) 7... d6 8. Ne2 e5 9. O-O Nc6 10. a3 bxa3 11. Nxa3 a5 12.
Qd2 b6 13. Rfd1 $14 {Beliavsky,A-Grosar,A/Portoroz/1996/1:0/22/}) 7. Nf3 O-O 8.
Nbd2 d6 9. Nf1 Ra7 10. Ne3 b5 11. cxb5 Bd7 12. a4 bxa3 13. Rxa3 {Razuvaev,
Y-Yemelin,V/RUS-ch/1995/0,5/}) 5... Qb6 (5... O-O {Belov} 6. Nf3 d6 7. O-O Nc6
8. Be3 cxd4 9. Nxd4 Ng4 10. Bxc6 Nxe3 11. fxe3 bxc6 12. Nxc6 Qb6 13. Nxb4 Qxb4
14. b3 Bb7 15. Qd2 Qc5 16. Nc3 $16 {Sosonko,G-Silva/Sanchez/1:0/40/}) 6. d5
Bxd2+ (6... exd5 {Belov} 7. cxd5 d6 8. Nc3 O-O 9. Nf3 Bg4 10. O-O Re8 11. h3
Bxf3 12. Bxf3 Nbd7 $14 {Ftacnik,L/}) 7. Qxd2 exd5 8. cxd5 O-O 9. Nc3 (9. Nh3 d6
10. Nf4 Bf5 (10... Nbd7 11. O-O Ne5 12. Qc3 Bd7 13. Nd2 Rfe8 14. Nd3 (14. Rfe1
Rac8 15. b3 {1/2-1/2 Krasenkov,M-Makarov,M/URS-chT ;TD 88\11 1988}) 14... Bb5
15. Rfc1 Bxd3 16. exd3 Re7 17. Nb3 g6 18. d4 cxd4 19. Qxd4 Qxd4 20. Nxd4 Nd3
21. Rc2 Ne1 22. Rd2 Nxg2 23. Kxg2 a6 {1/2-1/2 Nikolic,N-Dizdar,G/JUG-chT/1989 
(27)}) 11. Nc3 Re8 12. O-O Nbd7 13. Nd3 c4 14. Nf4 Nc5 15. Nd1 Qa6 16. Ne3 Be4
17. Rfc1 b5 18. Bxe4 Rxe4 19. Nf5 Re5 20. Nd4 Nxd5 21. Nf3 Ne4 22. Qc2 Nb4 23.
Qb1 Ree8 {0-1 Ellers,H-Schmidt,E/NRW-I 9293/1993 (37)}) 9... d6 10. Nf3 (10.
Nh3 $5) 10... Bg4 (10... Re8 {Belov} 11. O-O h6 $10) 11. Ng5 (11. O-O Nbd7 $13
(11... Bxf3 {Belov} 12. Bxf3 Nbd7 13. Bg2 Rfe8 14. e4 c4 $132)) 11... h6 12.
Nge4 Nxe4 13. Bxe4 Nd7 (13... Na6 {Belov} 14. O-O (14. O-O-O Qa5 15. f4 Bd7 $13
) 14... Rfe8 $14) 14. h3 Bh5 15. f4 f5 (15... Bg6 16. Bxg6 fxg6 17. e4 $14) (
15... f6 {Belov} 16. Bf5 Rad8 17. g4 Bf7 18. O-O-O $36) 16. Bc2 Rae8 17. O-O-O
{In the positions with opposite castling plays time the crucial role. In
Stellungen mit entgegen gesetzter Rochade spielt Zeit die entscheidende Rolle.}
c4 $2 (17... Qa5 $5 18. Rhg1 b5 19. g4 b4 $132) 18. Rhg1 Qe3 19. g4 Bg6 $6 (
19... fxg4 20. hxg4 Bf7 21. g5 $16) (19... Qxd2+ {Belov} 20. Rxd2 fxg4 (20...
Bg6 21. Nb5 Rf6 22. g5 hxg5 23. fxg5 Rff8 24. Nxd6 Re7 25. Nxc4 $18) 21. hxg4
Bf7 22. Nb5 $18) 20. Nb5 $1 Rf6 (20... Qc5 21. Nd4 Qxd5 22. gxf5 (22. Bxf5 {
Belov} Bxf5 23. Nxf5 Qxd2+ 24. Rxd2 Re6 $16) 22... Bf7 23. e4 Qc5 (23... Rxe4 {
Belov} 24. Qg2 $18) 24. Qg2 $18) 21. gxf5 Bxf5 22. Bxf5 Rxf5 23. Nxd6 Rxd5 (
23... Qxd2+ 24. Rxd2 Rff8 25. Nxe8 Rxe8 26. Rd4 $18) 24. Rxg7+ $1 (24. Rxg7+ $1
Kxg7 (24... Kf8 25. Qxe3 Rxd1+ 26. Kxd1 Rxe3 27. Rxd7 $18) (24... Kh8 {Belov}
25. Qxe3 Rxd1+ 26. Kxd1 Rxe3 27. Rxd7 $18) 25. Nxe8+ Qxe8 26. Qxd5 $18) 1-0

[Event "RUS-chT 09th Group1"]
[Site "Ekaterinburg"]
[Date "2002.05.18"]
[Round "2"]
[White "Fominyh, Alexander"]
[Black "Moiseenko, Alexander"]
[Result "0-1"]
[WhiteElo "2536"]
[BlackElo "2575"]
[Annotator "Hecht,H"]
[PlyCount "120"]
[EventDate "2002.05.17"]
[EventType "team-tourn"]
[EventRounds "7"]
[EventCountry "RUS"]
[SourceTitle "CBM 090"]
[Source "ChessBase"]
[SourceDate "2002.09.20"]
[SourceVersion "1"]
[SourceVersionDate "2002.09.20"]
[SourceQuality "1"]
[WhiteTeam "Novosibirsk Transsib"]
[BlackTeam "Novokuznetsk"]
[WhiteTeamCountry "RUS"]
[BlackTeamCountry "RUS"]

1. d4 Nf6 2. c4 e6 3. g3 Bb4+ 4. Bd2 c5 5. Bxb4 cxb4 6. Bg2 O-O 7. Nh3 d6 8.
Nf4 Nc6 9. O-O e5 10. dxe5 dxe5 11. Nd5 Bg4 12. h3 Bh5 13. Nd2 Qd6 14. Re1 Rfd8
15. Rc1 Rac8 16. Qa4 Nd7 17. Nb3 Nc5 18. Nxc5 Qxc5 19. e3 a6 20. a3 bxa3 21. b4
Qf8 22. c5 f5 23. Nb6 Rc7 24. Qxa3 e4 25. Nc4 Rcd7 26. Qb2 Re7 27. Rc2 h6 28.
Rb1 Kh8 29. Rd2 Rxd2 30. Qxd2 Ne5 31. Nxe5 Rxe5 32. Qd4 Re8 33. Bf1 Rd8 34. Qe5
Qf7 35. Rc1 Qd7 36. Qc3 Bf3 37. Bg2 Qa4 38. Qe1 Qa2 39. Ra1 Qb2 40. Rb1 Qa2 41.
Ra1 Qb2 42. Rb1 Qe5 43. Kh2 Kh7 44. Bxf3 exf3 45. Rd1 Rd5 46. Rxd5 Qxd5 47. Qb1
h5 48. Qb2 Kg6 49. Qd4 Qxd4 50. exd4 {[#] Thema: Verbundene Freibauern
unterliegen den entfernten Einzelfreibauern} Kf6 51. d5 Ke5 52. d6 Ke6 53. Kg1
(53. g4 fxg4 54. hxg4 hxg4 55. Kg3 b6 56. cxb6 (56. Kxg4 bxc5 57. bxc5 a5 58.
Kxf3 a4 59. Ke4 a3 $19) 56... Kxd6 57. Kxg4 Kc6 58. Kxf3 Kxb6 59. Kg4 Kb5 60.
Kg5 Kxb4 61. Kg6 a5 62. Kxg7 a4 63. f4 a3 64. f5 a2 65. f6 a1=Q $19) 53... b6
54. Kf1 (54. cxb6 Kxd6 55. Kf1 Kc6 56. Ke1 Kxb6 57. Kd2 Kb5 58. Kc3 g5 $19)
54... bxc5 55. bxc5 a5 56. Ke1 a4 57. Kd2 a3 58. Kc2 g5 59. Kb3 g4 60. h4 (60.
hxg4 fxg4 61. Kxa3 h4 $19) 60... Kd7 $1 (60... f4 61. gxf4 g3 62. f5+ Kd7 63.
f6 gxf2 64. f7 f1=Q 65. f8=Q Qb5+ 66. Kxa3 Qxc5+ {ist nicht der klare Weg}) (
60... Kd7 61. Kxa3 f4 62. gxf4 g3 {und f5 erfolgt nicht mehr mit Schach.}) 0-1

[Event "Hastings 9697"]
[Site "Hastings"]
[Date "1996.??.??"]
[Round "4"]
[White "Flear, Glenn C"]
[Black "Adams, Michael"]
[Result "1/2-1/2"]
[WhiteElo "2435"]
[BlackElo "2685"]
[Annotator "Jacoby,G"]
[PlyCount "119"]
[EventDate "1996.12.??"]
[EventType "tourn"]
[EventRounds "9"]
[EventCountry "ENG"]
[EventCategory "13"]
[SourceTitle "CBM 057"]
[Source "ChessBase"]
[SourceDate "1997.04.01"]
[SourceVersion "1"]
[SourceVersionDate "1997.04.01"]
[SourceQuality "1"]

1. d4 Nf6 2. c4 e6 3. g3 Bb4+ 4. Bd2 Qe7 5. Bg2 Nc6 6. e3 e5 (6... a5 7. Nc3 e5
8. d5 Nb8 9. Nge2 Na6 10. a3 Bxc3 11. Nxc3 Nc5 12. O-O a4 13. Nb5 d6 14. Qc2
O-O 15. Bb4 Nb3 $1 16. Rad1 Bd7 17. Nc3 Rfe8 18. Ne2 e4 $1 19. h3 h5 20. Nd4
Nc5 21. Bxc5 dxc5 22. Ne2 h4 23. Qd2 Ra6 $1 24. gxh4 Nh7 $1 {[%cal Ya6g6,Yh7g5,
Yg5f3,Yg5h3]} 25. h5 Qh4 26. Nf4 Ng5 27. Kh2 Rf6 28. Rh1 Rxf4 29. exf4 Nf3+ 30.
Bxf3 exf3 {0-1 Semmler,G-Steckner,J/Hamburg Schachfreunde 1990}) (6... O-O 7.
Ne2 e5 8. d5 Nb8 9. Nbc3 d6 10. a3 Bxc3 11. Nxc3 e4 12. Qc2 Re8 13. h3 Nbd7 14.
O-O Nb6 15. b3 a5 16. Nb5 a4 17. b4 h5 18. Bc3 Nh7 19. Qe2 h4 {Hulak,K-Djuric,
S/Bled/Rogaska Slatina 1991/0-1 (55)}) 7. d5 Bxd2+ (7... Nb8 8. Ne2 (8. Nc3
Bxc3 9. Bxc3 d6 10. Qc2 O-O 11. Ne2 c6 12. O-O cxd5 13. cxd5 a5 14. Rfc1 b6 15.
a3 Ba6 16. b4 Nbd7 17. Be1 Rfc8 18. Qb2 Bc4 {1/2-1/2 Steckner,J-Dizdar,G/
Hamburg op 1992}) 8... Bxd2+ 9. Qxd2 a5 10. d6 Qxd6 11. Qxd6 cxd6 12. Nbc3 Na6
13. O-O Ke7 14. Rfd1 Rb8 15. Nb5 d5 16. Bxd5 d6 17. Nec3 Rd8 18. Rd2 Ne8 19.
Rad1 Bg4 20. f3 Bd7 21. a3 h6 22. Ne4 Bxb5 23. cxb5 Nc5 24. Nc3 Nf6 25. Ba2 {
1/2-1/2 Nikolaidis,I-Loginov,V/Budapest FS06 GM 1994}) 8. Qxd2 Nb8 9. Nc3 (9.
d6 Qxd6 10. Qxd6 cxd6 11. Nc3 Ke7 12. Nge2 Na6 13. O-O Nc7 14. Rac1 a6 15. Na4
Rb8 16. Nb6 Na8 17. Nxa8 Rxa8 18. Nc3 Rb8 19. Nd5+ Nxd5 20. cxd5 b6 21. b4 Bb7
22. Rc7 Rhc8 23. Rfc1 Rxc7 24. Rxc7 Kd8 25. Rc3 b5 26. e4 Ra8 27. Rc1 {1/2-1/2
Dyachkov,S-Razuvaev,Y/RUS-ch Elista 1995}) 9... d6 10. h3 a5 11. Nge2 Na6 12.
g4 Nd7 13. Ng3 Nb6 14. b3 g6 15. O-O-O Nc5 16. f4 a4 17. Kb2 Bd7 18. Nge4 Nxe4
19. Nxe4 f5 20. gxf5 Bxf5 21. Nc3 O-O 22. Rhf1 exf4 23. Rxf4 g5 24. Rf2 Bg6 $17
25. Rdf1 Rxf2 26. Rxf2 Nd7 27. Qd4 Nc5 28. e4 Qg7 29. Qxg7+ Kxg7 30. Kc2 axb3+
31. axb3 Ra3 32. b4 Bxe4+ $1 33. Kd2 Bxg2 34. bxc5 Bxh3 35. cxd6 cxd6 36. Nb5
Ra6 37. Ke3 h5 38. Kd4 g4 $2 (38... Bd7 $19) 39. Nc7 Ra1 40. Ne6+ Kg6 41. Rf8
Rd1+ 42. Ke3 Bf1 43. Nf4+ Kg7 44. Rf5 $5 (44. Ne6+ Kg6 45. Nf4+ Kg5) 44... Bxc4
45. Rxh5 Re1+ 46. Kd4 b5 47. Ne6+ Kf7 48. Rh7+ Ke8 49. Rg7 Rg1 50. Nc7+ Kd8 51.
Kc3 $1 {/\ Kc3-b4-a5-b6} Kc8 $6 (51... g3 $142 52. Ne6+ (52. Kb4 g2 53. Ka5
Ra1+ 54. Kb6 g1=Q+ $19) 52... Kc8 53. Nf4 g2 54. Nxg2 Bxd5 55. Ne3 Bc6 {
Schwarz behält Gewinnchancen, obwohl die Blockade der beiden schwarzen
Freibauern nicht einfach zu brechen ist.  Adams hielt während der Partie diese
Stellung für remis.}) 52. Kb4 g3 53. Ka5 b4 (53... g2 54. Kb6 (54. Nxb5 Bxd5 $1
) 54... b4 55. Rg8+ Kd7 56. Rg7+ $11) 54. Kb6 Bxd5 $2 (54... Rc1 $142 {Ist der
sichere Weg zum remis. Schwarz kämpft nämlich um remis.} 55. Rxg3 Kd8) 55. Nxd5
b3 $4 {Verliert forciert.} (55... Kd8 $142) 56. Nf6 Kd8 57. Rd7+ $2 (57. Kb7
$142 $1 Z0 58. Rd7#) 57... Kc8 58. Rg7 $4 (58. Re7 $142 $1 Z0 59. Re8#) 58...
Kd8 59. Rd7+ $2 (59. Kb7 $142 $1) 59... Kc8 60. Rg7 $4 {Schwarz reklamierte
Remis wegen dreimaliger Stellungswiederholung.} (60. Re7 $142 $1) 1/2-1/2